[Event "Red River Shootout 14th"]
[Site "Davis"]
[Date "2016.04.16"]
[Round "1.8"]
[White "Helff, Florian"]
[Black "Johnson, Christopher"]
[Result "1-0"]
[WhiteElo "1733"]
[BlackElo "1653"]
[PlyCount "85"]
[EventDate "2016.04.16"]
[EventType "team-match"]
[EventRounds "2"]
[EventCountry "USA"]
[SourceTitle "EXT 2019"]
[Source "ChessBase"]
[SourceDate "2018.10.10"]
[SourceVersion "1"]
[SourceVersionDate "2018.10.10"]
[SourceQuality "1"]
[WhiteTeam "Oklahoma"]
[BlackTeam "Texas"]
[WhiteTeamCountry "USA"]
[BlackTeamCountry "USA"]

1. d4 c6 2. c4 d5 3. Nc3 Nf6 4. cxd5 cxd5 5. e3 e6 6. Qb3 Nc6 7. Nf3 Bd6 8. a3 0-0 9. Nb5 Bb8 10. Bd3 a6 11. Nc3 Qd6 12. Bd2 e5 13. dxe5 Nxe5 14. Nxe5 Qxe5 15. h3 b5 16. Ne2 Be6 17. Nd4 Bd7 18. Bc3 Qg5 19. g4 Be5 20. Nf3 Bxc3+ 21. Qxc3 d4 22. Qxd4 Qd5 23. Qxd5 Nxd5 24. Be4 Be6 25. Nd4 Rac8 26. Kd2 Rfd8 27. Rac1 Rxc1 28. Rxc1 Nf6 29. Bb7 a5 30. Ke2 Bc4+ 31. Kf3 a4 32. Bc6 g6 33. Nxb5 Bd5+ 34. Bxd5 Rxd5 35. Nd4 Nd7 36. Ke2 Kf8 37. Rc4 Nb6 38. Rb4 Rd6 39. Nb5 Rc6 40. Nc3 Ke7 41. Rxb6 Rxb6 42. Nd5+ Kd6 43. Nxb6 1-0

[Event "Ruhrgebiet Regionalliga 1011"]
[Site "Nordrheinwestfalen"]
[Date "2011.05.08"]
[Round "9.8"]
[White "Zagrabski, Marc"]
[Black "Helff, Florian"]
[Result "0-1"]
[WhiteElo "1701"]
[BlackElo "1720"]
[PlyCount "56"]
[EventDate "2010.09.19"]
[EventType "team-tourn"]
[EventRounds "9"]
[EventCountry "GER"]
[SourceTitle "EXT 2020"]
[Source "ChessBase"]
[SourceDate "2019.10.17"]
[SourceVersion "1"]
[SourceVersionDate "2019.10.17"]
[SourceQuality "1"]
[WhiteTeam "Essen Ueberruhr"]
[BlackTeam "Hamm SVg"]
[WhiteTeamCountry "GER"]
[BlackTeamCountry "GER"]

1. e4 e6 2. d4 d5 3. Nc3 Bb4 4. exd5 exd5 5. Bd3 Be6 6. Nge2 Nd7 7. 0-0 Ngf6 8. Nf4 0-0 9. Nxe6 fxe6 10. Ne2 e5 11. f3 c6 12. c3 Bd6 13. Kh1 Qc7 14. Bf5 e4 15. f4 Nh5 16. g4 Nhf6 17. Ng3 Nb6 18. g5 Ne8 19. Qg4 Qe7 20. Bxh7+ Kxh7 21. f5 Bxg3 22. hxg3 e3 23. Rf4 Rh8 24. f6 gxf6 25. gxf6 Nxf6 26. Qg5 Qg7 27. Qxf6 Qxf6 28. Rxf6 Kg7+ 0-1

[Event "Moehnesee Cup-B"]
[Site "Moehnesee"]
[Date "2005.08.20"]
[Round "4"]
[White "Helff, Florian"]
[Black "Toth, Hans Juergen"]
[Result "1/2-1/2"]
[WhiteElo "1180"]
[BlackElo "1458"]
[PlyCount "111"]
[EventDate "2005.08.18"]
[EventType "swiss"]
[EventRounds "7"]
[EventCountry "GER"]
[SourceTitle "CBM 108 Extra"]
[Source "ChessBase"]
[SourceDate "2005.11.04"]
[SourceVersion "1"]
[SourceVersionDate "2005.11.04"]
[SourceQuality "1"]

1. Nf3 e6 2. d4 f5 3. Bf4 Nf6 4. e3 d6 5. Nc3 Be7 6. Bd3 0-0 7. 0-0 Nh5 8. Re1 Nxf4 9. exf4 Bf6 10. Qd2 Bd7 11. Bc4 d5 12. Bb3 c6 13. Ne5 Na6 14. Na4 Rc8 15. Nc5 Nxc5 16. dxc5 Re8 17. g3 b5 18. c3 g6 19. Bc2 Kg7 20. b4 Re7 21. Kg2 Qg8 22. Rh1 Kf8 23. h4 Qg7 24. Rae1 Rc7 25. Re3 Bc8 26. Rh3 Re8 27. Re2 Bxe5 28. fxe5 Ke7 29. f4 Bd7 30. Kf3 Qh6 31. Kg2 Ra8 32. Bd1 Qf8 33. Qc1 Qd8 34. a3 Be8 35. Ra2 a6 36. Qe3 Rd7 37. Qd4 a5 38. Rh2 axb4 39. cxb4 Rda7 40. Qd3 d4 41. Bf3 Ra4 42. Kf1 Qd7 43. Rhd2 Rd8 44. Kf2 Qa7 45. Rdc2 Qa8 46. Kg2 Rd7 47. Kh3 Kf7 48. g4 Ke7 49. Rg2 Rd8 50. g5 Bf7 51. Kh2 Qb7 52. Kg1 Qd7 53. Rg3 Ra6 54. Rh2 Rda8 55. Ra2 Rh8 56. Rh2 1/2-1/2